Statistics for Yes/No Country Borders by Flags

Click here to take the quiz!

General Stats

  • This quiz has been taken 102 times
    (83 since last reset)
  • The average score is 10 of 15

Answer Stats

QuestionAnswer% Correct
borders ?No
85%
borders ?Yes
85%
borders ?No
80%
borders ?No
76%
borders ?No
76%
borders ?Yes
76%
borders ?Yes
72%
borders ?Yes
67%
borders ?Yes
63%
borders ?No
61%
borders ?Yes
61%
borders ?Yes
61%
borders ?No
59%
borders ?No
48%
borders ?Yes
30%

Score Distribution

Percentile by Number Answered

Percent of People with Each Score

Your Score History

You have not taken this quiz since the last reset